Major governments of Asia / (Record no. 124401)

MARC details
000 -LEADER
fixed length control field 00688nam a22002417a 4500
005 - DATE AND TIME OF LATEST TRANSACTION
control field 20170124105939.0
010 ## - LIBRARY OF CONGRESS CONTROL NUMBER
LC control number 493220
020 ## - INTERNATIONAL STANDARD BOOK NUMBER
Terms of availability 00.00
035 ## - SYSTEM CONTROL NUMBER
System control number 493220
037 ## - SOURCE OF ACQUISITION
Source of stock number/acquisition Cen Lib/Ret
040 ## - CATALOGING SOURCE
Original cataloging agency DPL
Language of cataloging EN
082 ## - DEWEY DECIMAL CLASSIFICATION NUMBER
Classification number 320.95
Edition number MAJ
245 ## - TITLE STATEMENT
Title Major governments of Asia /
Statement of responsibility, etc by Harold C. Hinton...[et at.]
250 ## - EDITION STATEMENT
Edition statement 2nd ed.
260 ## - PUBLICATION, DISTRIBUTION, ETC. (IMPRINT)
Place of publication, distribution, etc New York
Name of publisher, distributor, etc Cornell university press
Date of publication, distribution, etc 1963
270 ## - ADDRESS
City New York
300 ## - PHYSICAL DESCRIPTION
Extent xiii,719p.
Dimensions 21cm(Hb)
500 ## - GENERAL NOTE
General note Includes index
650 ## - SUBJECT ADDED ENTRY--TOPICAL TERM
Topical term or geographic name as entry element Goverment -- Asia -- History
9 (RLIN) 91198
650 ## - SUBJECT ADDED ENTRY--TOPICAL TERM
Topical term or geographic name as entry element Political science -- History
9 (RLIN) 578
700 ## - ADDED ENTRY--PERSONAL NAME
Personal name Hinton, Harold C.
9 (RLIN) 91199
942 ## - ADDED ENTRY ELEMENTS (KOHA)
Source of classification or shelving scheme Dewey Decimal Classification
Koha item type English Books
Classification part 320.95
Call number suffix MAJ
Holdings
Withdrawn status Lost status Damaged status Not for loan Home library Current library Date acquired Source of acquisition Cost, normal purchase price Total Checkouts Full call number Barcode Date last seen Copy number Cost, replacement price Price effective from Koha item type Public note
Written off       Central Library Central Library 16/06/2015 Cen Lib/Ret 0.00   320.95 MAJ 493220 16/06/2015 1 0.00 16/06/2015 English Books W/d List No. 6897/4 ; dtd 19/10/2020

© Delhi Public Library
Hit Counter
free hit counter